Collection

Bibliographic Details
Format: Journal
Language:English
Published: Praha Academia 19--

MARC

LEADER 00000cas a22000003a 4500
001 vtls001307466
003 SK-MaSNL
005 20260221112402.0
008 210928s19uu xr r p 0 0a0eng c
035 |a SNK000259747 
040 |a SNK  |b slo  |c SNK  |e AACR2 
245 0 0 |a Collection 
260 |a Praha  |b Academia  |c 19-- 
910 |a snk 
999 |c 185  |d 2115 
952 |0 0  |1 1  |4 0  |7 0  |a SNK  |b SNK  |d 1997-10-24  |l 0  |o snkČC 415/44/1979/4  |p 17A0104972  |r 2005-01-02 00:00:00  |w 2026-02-21  |y PREZ 
952 |0 0  |1 1  |4 0  |7 0  |a SNK  |b SNK  |d 1997-10-24  |l 0  |o snkČC 415/44/1979/3  |p 17A0101077  |r 2005-01-02 00:00:00  |w 2026-02-21  |y PREZ 
952 |0 0  |1 1  |4 0  |7 0  |a SNK  |b SNK  |d 1997-10-24  |l 0  |o snkČC 415/44/1979/1  |p 17A0104912  |r 2005-01-02 00:00:00  |w 2026-02-21  |y PREZ 
952 |0 0  |1 1  |4 0  |7 0  |a SNK  |b SNK  |d 1998-11-27  |l 0  |o snkČC 415/40/1975/1  |p 17A0170542  |r 2005-01-02 00:00:00  |w 2026-02-21  |y PREZ 
952 |0 0  |1 1  |4 0  |7 0  |a SNK  |b SNK  |d 1998-11-27  |l 0  |o snkČC 415/40/1975/4  |p 17A0170148  |r 2005-01-02 00:00:00  |w 2026-02-21  |y PREZ 
952 |0 0  |1 1  |4 0  |7 0  |a SNK  |b SNK  |d 1998-11-27  |l 0  |o snkČC 415/40/1975/3  |p 17A0170541  |r 2005-01-02 00:00:00  |w 2026-02-21  |y PREZ 
952 |0 0  |1 1  |4 0  |7 0  |a SNK  |b SNK  |d 1998-11-27  |l 0  |o snkČC 415/41/1976/1  |p 17A0170896  |r 2005-01-02 00:00:00  |w 2026-02-21  |y PREZ 
952 |0 0  |1 1  |4 0  |7 0  |a SNK  |b SNK  |d 1998-11-27  |l 0  |o snkČC 415/41/1976/4  |p 17A0169100  |r 2005-01-02 00:00:00  |w 2026-02-21  |y PREZ 
952 |0 0  |1 1  |4 0  |7 0  |a SNK  |b SNK  |d 1998-11-27  |l 0  |o snkČC 415/41/1976/3  |p 17A0169099  |r 2005-01-02 00:00:00  |w 2026-02-21  |y PREZ 
952 |0 0  |1 1  |4 0  |7 0  |a SNK  |b SNK  |d 1998-11-27  |l 0  |o snkČC 415/41/1976/2  |p 17A0170544  |r 2005-01-02 00:00:00  |w 2026-02-21  |y PREZ 
952 |0 0  |1 1  |4 0  |7 0  |a SNK  |b SNK  |d 1998-11-27  |l 0  |o snkČC 415/40/1975/2  |p 17A0170543  |r 2005-01-02 00:00:00  |w 2026-02-21  |y PREZ 
952 |0 0  |1 1  |4 0  |7 0  |a SNK  |b SNK  |d 1998-11-30  |l 0  |o snkČC 415/42/1977/2  |p 17A0170562  |r 2005-01-02 00:00:00  |w 2026-02-21  |y PREZ 
952 |0 0  |1 0  |4 0  |7 0  |a SNK  |b SNK  |d 1998-11-30  |l 0  |o snkČC 415/42/1977/1  |p 17A0169271  |r 2005-01-02 00:00:00  |w 2026-02-21  |y PREZ 
952 |0 0  |1 1  |4 0  |7 0  |a SNK  |b SNK  |d 1998-11-30  |l 0  |o snkČC 415/42/1977/4  |p 17A0170112  |r 2005-01-02 00:00:00  |w 2026-02-21  |y PREZ 
952 |0 0  |1 1  |4 0  |7 0  |a SNK  |b SNK  |d 1998-11-30  |l 0  |o snkČC 415/42/1977/3  |p 17A0169265  |r 2005-01-02 00:00:00  |w 2026-02-21  |y PREZ 
952 |0 0  |1 1  |4 0  |7 0  |a SNK  |b SNK  |d 1998-11-30  |l 0  |o snkČC 415/43/1978/4  |p 17A0170856  |r 2005-01-02 00:00:00  |w 2026-02-21  |y PREZ 
952 |0 0  |1 1  |4 0  |7 0  |a SNK  |b SNK  |d 1998-11-30  |l 0  |o snkČC 415/43/1978/1  |p 17A0170129  |r 2005-01-02 00:00:00  |w 2026-02-21  |y PREZ 
952 |0 0  |1 1  |4 0  |7 0  |a SNK  |b SNK  |d 1998-11-30  |l 0  |o snkČC 415/43/1978/3  |p 17A0170119  |r 2005-01-02 00:00:00  |w 2026-02-21  |y PREZ 
952 |0 0  |1 1  |4 0  |7 0  |a SNK  |b SNK  |d 1998-11-30  |l 0  |o snkČC 415/43/1978/2  |p 17A0170118  |r 2005-01-02 00:00:00  |w 2026-02-21  |y PREZ 
952 |0 0  |1 1  |4 0  |7 0  |a SNK  |b SNK  |d 1998-11-23  |l 0  |o snkČC 415/47/1982/2  |p 17A0170253  |r 2005-01-02 00:00:00  |w 2026-02-21  |y PREZ 
952 |0 0  |1 1  |4 0  |7 0  |a SNK  |b SNK  |d 1998-11-23  |l 0  |o snkČC 415/47/1982/4  |p 17A0170526  |r 2005-01-02 00:00:00  |w 2026-02-21  |y PREZ 
952 |0 0  |1 1  |4 0  |7 0  |a SNK  |b SNK  |d 1998-11-23  |l 0  |o snkČC 415/47/1982/3  |p 17A0170524  |r 2005-01-02 00:00:00  |w 2026-02-21  |y PREZ 
952 |0 0  |1 1  |4 0  |7 0  |a SNK  |b SNK  |d 1998-11-30  |l 0  |o snkČC 415/45/1980/2  |p 17A0169319  |r 2005-01-02 00:00:00  |w 2026-02-21  |y PREZ 
952 |0 0  |1 1  |4 0  |7 0  |a SNK  |b SNK  |d 1998-11-30  |l 0  |o snkČC 415/45/1980/1  |p 17A0169320  |r 2005-01-02 00:00:00  |w 2026-02-21  |y PREZ 
952 |0 0  |1 1  |4 0  |7 0  |a SNK  |b SNK  |d 1998-12-01  |l 0  |o snkČC 415/46/1981/3  |p 17A0169275  |r 2005-01-02 00:00:00  |w 2026-02-21  |y PREZ 
952 |0 0  |1 1  |4 0  |7 0  |a SNK  |b SNK  |d 1998-12-01  |l 0  |o snkČC 415/46/1981/4  |p 17A0169274  |r 2005-01-02 00:00:00  |w 2026-02-21  |y PREZ 
952 |0 0  |1 1  |4 0  |7 0  |a SNK  |b SNK  |d 1998-12-01  |l 0  |o snkČC 415/46/1981/1  |p 17A0169273  |r 2005-01-02 00:00:00  |w 2026-02-21  |y PREZ 
952 |0 0  |1 1  |4 0  |7 0  |a SNK  |b SNK  |d 1998-12-01  |l 0  |o snkČC 415/46/1981/2  |p 17A0157518  |r 2005-01-02 00:00:00  |w 2026-02-21  |y PREZ 
952 |0 0  |1 1  |4 0  |7 0  |a SNK  |b SNK  |d 1998-12-01  |l 0  |o snkČC 415/48/1984/4  |p 17A0170037  |r 2005-01-02 00:00:00  |w 2026-02-21  |y PREZ 
952 |0 0  |1 1  |4 0  |7 0  |a SNK  |b SNK  |d 1998-12-01  |l 0  |o snkČC 415/48/1983/3  |p 17A0169262  |r 2005-01-02 00:00:00  |w 2026-02-21  |y PREZ 
952 |0 0  |1 1  |4 0  |7 0  |a SNK  |b SNK  |d 1998-12-01  |l 0  |o snkČC 415/48/1983/2  |p 17A0169263  |r 2005-01-02 00:00:00  |w 2026-02-21  |y PREZ 
952 |0 0  |1 1  |4 0  |7 0  |a SNK  |b SNK  |d 1998-12-01  |l 0  |o snkČC 415/48/1983/1  |p 17A0169277  |r 2005-01-02 00:00:00  |w 2026-02-21  |y PREZ 
952 |0 0  |1 1  |4 0  |7 0  |a SNK  |b SNK  |d 1998-12-01  |l 0  |o snkČC 415/50/1985/2  |p 17A0170828  |r 2005-01-02 00:00:00  |w 2026-02-21  |y PREZ 
952 |0 0  |1 1  |4 0  |7 0  |a SNK  |b SNK  |d 1998-12-01  |l 0  |o snkČC 415/50/1985/1  |p 17A0170789  |r 2005-01-02 00:00:00  |w 2026-02-21  |y PREZ 
952 |0 0  |1 1  |4 0  |7 0  |a SNK  |b SNK  |d 1998-12-01  |l 0  |o snkČC 415/51/1986/1  |p 17A0170758  |r 2005-01-02 00:00:00  |w 2026-02-21  |y PREZ 
952 |0 0  |1 1  |4 0  |7 0  |a SNK  |b SNK  |d 1998-12-01  |l 0  |o snkČC 415/50/1985/3  |p 17A0170790  |r 2005-01-02 00:00:00  |w 2026-02-21  |y PREZ 
952 |0 0  |1 1  |4 0  |7 0  |a SNK  |b SNK  |d 1998-12-01  |l 0  |o snkČC 415/49/1984/1  |p 17A0170824  |r 2005-01-02 00:00:00  |w 2026-02-21  |y PREZ 
952 |0 0  |1 1  |4 0  |7 0  |a SNK  |b SNK  |d 1998-12-01  |l 0  |o snkČC 415/49/1984/3  |p 17A0170785  |r 2005-01-02 00:00:00  |w 2026-02-21  |y PREZ 
952 |0 0  |1 1  |4 0  |7 0  |a SNK  |b SNK  |d 1998-12-01  |l 0  |o snkČC 415/49/1984/4  |p 17A0170766  |r 2005-01-02 00:00:00  |w 2026-02-21  |y PREZ 
952 |0 0  |1 1  |4 0  |7 0  |a SNK  |b SNK  |d 1998-12-01  |l 0  |o snkČC 415/49/1984/2  |p 17A0170804  |r 2005-01-02 00:00:00  |w 2026-02-21  |y PREZ 
952 |0 0  |1 1  |4 0  |7 0  |a SNK  |b SNK  |d 1998-12-01  |l 0  |o snkČC 415/51/1986/4  |p 17A0170349  |r 2005-01-02 00:00:00  |w 2026-02-21  |y PREZ 
952 |0 0  |1 1  |4 0  |7 0  |a SNK  |b SNK  |d 1998-12-01  |l 0  |o snkČC 415/51/1986/3  |p 17A0169259  |r 2005-01-02 00:00:00  |w 2026-02-21  |y PREZ 
952 |0 0  |1 1  |4 0  |7 0  |a SNK  |b SNK  |d 1998-12-01  |l 0  |o snkČC 415/51/1986/2  |p 17A0166381  |r 2005-01-02 00:00:00  |w 2026-02-21  |y PREZ 
952 |0 0  |1 1  |4 0  |7 0  |a SNK  |b SNK  |d 1997-10-24  |l 0  |o snkČC 415/44/1979/2  |p 17A0101076  |r 2005-01-02 00:00:00  |w 2026-02-21  |y PREZ 
952 |0 0  |1 1  |4 0  |7 0  |a SNK  |b SNK  |d 1998-11-23  |l 0  |o snkČC 415/47/1982/5  |p 17A0170525  |r 2005-01-02 00:00:00  |w 2026-02-21  |y PREZ